[Event "4th Stage Russian Cup"]
[Site "Samara RUS"]
[Date "2002.08.03"]
[Round "9"]
[White "Matveeva,S"]
[Black "Belozerov,A"]
[Result "1-0"]
[WhiteElo "2448"]
[BlackElo "2541"]
[EventDate "2002.07.26"]

1. d4 Nf6 2. c4 e6 3. Nc3 Bb4 4. Qc2 c5 5. dxc5 Bxc5 6. Nf3 Qb6 7. e3 Be7
8. a3 d6 9. Bd3 Nbd7 10. b4 a6 11. h3 Qc7 12. Bb2 b6 13. Rc1 Bb7 14. Ne4
Rc8 15. O-O Qb8 16. Qb1 Qa8 17. Nfd2 h6 18. Rfd1 O-O 19. Bd4 Nxe4 20. Bxe4
b5 21. Bxb7 Qxb7 22. Qa1 Nf6 23. Qb1 Rfd8 24. Qd3 Rc6 25. Nb3 bxc4 26. Rxc4
Rxc4 27. Qxc4 Rc8 28. Qd3 Nd7 29. Rc1 Rxc1+ 30. Nxc1 e5 31. Bc3 d5 32. Nb3
Qb5 33. Qxb5 axb5 34. Na5 f6 35. Nc6 Kf7 36. Na7 Nb6 37. Nxb5 Ke6 38. f4
Bd8 39. Kf2 Nc4 40. Ke2 Bb6 41. fxe5 fxe5 42. Bd2 Nb2 43. Nc3 d4 44. exd4
exd4 45. Nd1 d3+ 46. Ke1 Na4 47. Nc3 Nb2 48. a4 Bc7 49. a5 Bg3+ 50. Kf1 Nc4
51. Ne4 Nxd2+ 52. Nxd2 Kd5 53. b5 Bb8 54. b6 Kc6 55. Kf2 Kb5 56. Nb3 Kb4
57. Ke3 Kxb3 58. Kxd3 1-0

[Event "4th Stage Russian Cup"]
[Site "Samara RUS"]
[Date "2002.08.03"]
[Round "9"]
[White "Loginov,Va"]
[Black "Chuprov,D"]
[Result "1/2-1/2"]
[WhiteElo "2526"]
[BlackElo "2468"]
[EventDate "2002.07.26"]

1. Nf3 g6 2. e4 c5 3. c4 Nc6 4. d4 cxd4 5. Nxd4 d6 6. Nc3 Nf6 7. Be2 Nxd4
8. Qxd4 Bg7 9. Be3 O-O 10. Qd2 Be6 11. Rc1 Qa5 12. f3 Rfc8 13. b3 a6 14.
Na4 Qxd2+ 15. Kxd2 Nd7 16. Rhd1 Rc6 17. Nc3 Rac8 18. Nd5 Bxd5 19. exd5 R6c7
20. Ke1 a5 21. Kf2 Bb2 22. Rb1 Ba3 23. Kf1 Bc5 24. Bc1 f5 25. h3 Nf6 26. g4
fxg4 27. hxg4 Rf8 28. f4 g5 29. Rd3 gxf4 30. Kg2 Nd7 31. Rf3 Be3 32. Bxe3
fxe3 33. Rxf8+ Kxf8 34. Kf3 Kg7 35. Kxe3 Rc8 36. Bd3 Ne5 37. Bf5 Rf8 38.
Rh1 h6 39. Rh3 Rb8 40. Kd4 Nf7 41. Re3 Ne5 42. Rh3 Ra8 1/2-1/2

[Event "4th Stage Russian Cup"]
[Site "Samara RUS"]
[Date "2002.08.03"]
[Round "9"]
[White "Kornev,Alexe"]
[Black "Zakharevich,I"]
[Result "1/2-1/2"]
[WhiteElo "2567"]
[BlackElo "2463"]
[EventDate "2002.07.26"]

1. e4 e6 2. d4 d5 3. e5 c5 4. c3 Qb6 5. Nf3 Bd7 6. a3 Bb5 7. c4 dxc4 8. Nc3
Nc6 9. d5 O-O-O 10. d6 f6 11. Qc2 Nxe5 12. Nxe5 fxe5 13. Nxb5 Qxb5 14. Bxc4
Qc6 15. O-O Nf6 16. Bxe6+ Kb8 17. Be3 Bxd6 18. b4 e4 19. Qb3 Rhe8 20. Bf7
c4 21. Qxc4 Qxc4 22. Bxc4 Ng4 23. Bg5 Bxh2+ 24. Kh1 Be5 25. Rae1 Rd4 26.
Bb5 Rf8 27. Be2 Rf5 28. Bxg4 Rxg5 29. Bh3 Bf6 30. Re3 a5 31. bxa5 Rxa5 32.
Rb1 Rc5 33. Rbe1 Rd2 34. Rxe4 Rxf2 35. Bg4 Ra2 36. a4 Ra5 37. Bd7 Rh5+ 38.
Kg1 Rh4 39. Rxh4 Bxh4 40. Re8+ Kc7 41. Bb5 Bf6 1/2-1/2

[Event "4th Stage Russian Cup"]
[Site "Samara RUS"]
[Date "2002.08.03"]
[Round "9"]
[White "Kotanjian,T"]
[Black "Pisakov,I"]
[Result "0-1"]
[WhiteElo "2388"]
[BlackElo "2260"]
[EventDate "2002.07.26"]

1. d4 d5 2. c4 c6 3. Nc3 Nf6 4. Nf3 e6 5. Bg5 dxc4 6. e4 b5 7. e5 h6 8. Bh4
g5 9. Nxg5 hxg5 10. Bxg5 Nbd7 11. exf6 Bb7 12. g3 c5 13. d5 Nxf6 14. Bg2
Be7 15. O-O Nxd5 16. Bxe7 Kxe7 17. Nxb5 Qb6 18. Na3 Rh4 19. Qd2 Rg8 20. f4
Nxf4 21. Rxf4 Rxf4 22. Qxf4 Qxb2 23. Qc7+ Kf8 24. Qxb7 Qxa1+ 25. Bf1 Qd4+
26. Kh1 Qd5+ 27. Qxd5 exd5 28. Kg2 Ke7 29. h4 Rb8 30. Kf3 Rb2 31. h5 Rxa2
32. Nb5 c3 0-1

[Event "4th Stage Russian Cup"]
[Site "Samara RUS"]
[Date "2002.08.03"]
[Round "9"]
[White "Gareev,T"]
[Black "Sidorov,A"]
[Result "1/2-1/2"]
[WhiteElo "2191"]
[BlackElo "2384"]
[EventDate "2002.07.26"]

1. d4 Nf6 2. c4 e6 3. Nf3 b6 4. Nc3 Bb7 5. a3 d5 6. cxd5 exd5 7. g3 Bd6 8.
Bg2 O-O 9. O-O Re8 10. Ne1 Ne4 11. Nd3 c6 12. Bf4 Bxf4 13. Nxf4 Nd7 14. Qc2
Nd6 15. Rfe1 Qf6 16. Rad1 Rad8 17. e3 Nf8 18. Nd3 Ng6 19. a4 a5 20. b3 h5
21. f4 Nf5 22. Ne5 Nf8 23. Qf2 Qd6 24. Bh3 Bc8 25. Bg2 Ne7 26. e4 Qb4 27.
Qc2 f6 28. Nf3 dxe4 29. Nxe4 Be6 30. Ned2 Bd5 31. Re3 Nc8 32. Rde1 Rxe3 33.
Rxe3 Nd6 34. h3 b5 35. Kh2 bxa4 36. bxa4 Rb8 37. Re1 Qa3 38. Rb1 Rb4 39.
Rxb4 Qxb4 40. Qc5 Qxc5 41. dxc5 Nb7 42. Nd4 Nxc5 43. Nxc6 1/2-1/2

[Event "4th Stage Russian Cup"]
[Site "Samara RUS"]
[Date "2002.08.03"]
[Round "9"]
[White "Yevseev,D"]
[Black "Grachev,B"]
[Result "1/2-1/2"]
[WhiteElo "2546"]
[BlackElo "2466"]
[EventDate "2002.07.26"]

1. d4 d5 2. c4 e6 3. Nf3 c6 4. Nc3 Nf6 5. e3 Nbd7 6. Bd3 dxc4 7. Bxc4 b5 8.
Bd3 Bd6 9. O-O O-O 10. Qc2 Bb7 11. a3 Qe7 12. e4 e5 13. Ne2 a6 14. Bg5 c5
15. dxc5 Nxc5 16. Ng3 Rac8 17. Qe2 1/2-1/2